=LDR 00000nam 2200000 4500 =001 INLIS000000000027143 =005 20130612125536 =008 ***********************************Ind** =035 ##$$0010-061300000027143 =041 ##$$a Ind =082 ##$$a 658.81 =090 ##$$a 658.81, Sup t =100 ##$$a Supranto, J =245 ##$$a Teknik riset pemasaran dan ramalan penjualan, J. Supranto =260 ##$$a 2001 $b Jakarta =300 ##$$a x, 306 hlm, ilus, 21 cm =650 ##$$a Manajemen Penjualan =850 ##$$a NBPNMAT =990 ##$$a 0001/BPAP-NTB/20142015